000 01020nam a2200241 a 4500
001 76286
003 BD-RjUL
005 20211209082824.0
008 210321s2019 bg ||||| |||| 00| 0 ben d
020 _a9789849400226
035 _a(BD-RjUL)76507
040 _aBD-RjUL
_beng
_cBD-RjUL
041 _aben
082 _223
_a891.441
_bSIG 2019
100 _aসিংহ, গোপী চাঁদ
_9246315
245 1 0 _aগোপী চাঁদ সিংহ রচিত বঙ্গবন্ধু ও বাংলাদেশ /
_cগোপী চাঁদ সিংহ ; সেলু বাসিত কর্তৃক সংকলিত ও সম্পাদিত
260 _aঢাকা :
_bশব্দকোষ প্রকাশনী ,
_c২০১৯
300 _a৫৫ পৃ. :
_bচিত্রসমূহ ;
_c২২ সেমি.
650 _aবাংলা কবিতা
_9246318
650 _aBengali poetry
_9246319
700 _aবাসিত, সেলু
_9120664
942 _2ddc
_cBK
999 _c76286
_d76286